| 000 | 00555nam a2200181Ia 4500 | ||
|---|---|---|---|
| 999 |
_c43074 _d43074 |
||
| 003 | GCL | ||
| 005 | 20240530103849.0 | ||
| 008 | 140319s9999 xx 000 0 ara d | ||
| 040 |
_aGCL / _cGCL |
||
| 082 | 0 | 4 |
_a189.901 _bهـ ق |
| 100 | _aهشام المرعشلى | ||
| 245 | 1 | 0 |
_aقراءة العقل العربى _cهشام المرعشلى |
| 650 | 0 | 4 | _aالفكر العربى |
| 650 | 0 | 4 | _aحركات الاصلاح والتجديد |
| 650 | 0 | 4 | _aالفكر الاسلامى - تطور |
| 700 | _aحسن حنفى (مقدم) | ||
| 942 |
_2ddc _cBK |
||